NDU-K Library Catalogue

Girl in a jacket 

Farm accounting and management / (Record no. 15157)

MARC details
000 -LEADER
fixed length control field 00784nam a22002771 4500
001 - CONTROL NUMBER
control field 1233942
003 - CONTROL NUMBER IDENTIFIER
control field OSt
005 - DATE AND TIME OF LATEST TRANSACTION
control field 20240321122847.0
008 - FIXED-LENGTH DATA ELEMENTS--GENERAL INFORMATION
fixed length control field 710426s1967 enkak 000 0 eng
010 ## - LIBRARY OF CONGRESS CONTROL NUMBER
LC control number 68082304
015 ## - NATIONAL BIBLIOGRAPHY NUMBER
National bibliography number B67-18587
040 ## - CATALOGING SOURCE
Original cataloging agency DLC
Transcribing agency DLC
Modifying agency DLC
050 00 - LIBRARY OF CONGRESS CALL NUMBER
Classification number S562
Item number .G758 1967
082 00 - DEWEY DECIMAL CLASSIFICATION NUMBER
Classification number 658/.9/31
100 1# - MAIN ENTRY--PERSONAL NAME
Personal name Sturrock, Ford Gibson.
245 10 - TITLE STATEMENT
Title Farm accounting and management /
Statement of responsibility, etc. Ford Sturrock.
250 ## - EDITION STATEMENT
Edition statement 5th ed.
260 ## - PUBLICATION, DISTRIBUTION, ETC.
Place of publication, distribution, etc. London,
Name of publisher, distributor, etc. Pitman,
Date of publication, distribution, etc. 1967.
300 ## - PHYSICAL DESCRIPTION
Extent xi, 228 p.
Other physical details ill.
Dimensions 23 cm.
350 ## - PRICE (NR) (BK AM CF MU VM SE) [OBSOLETE]
Price 27/6
500 ## - GENERAL NOTE
General note Stamped on t.p.: Distributed by Sportshelf, New Rochelle, N.Y.
650 #0 - SUBJECT ADDED ENTRY--TOPICAL TERM
Topical term or geographic name entry element Farm management.
650 #0 - SUBJECT ADDED ENTRY--TOPICAL TERM
Topical term or geographic name entry element Agriculture
General subdivision Accounting.
906 ## - LOCAL DATA ELEMENT F, LDF (RLIN)
a 7
b cbc
c orignew
d u
e opcn
f 19
g y-gencatlg
942 ## - ADDED ENTRY ELEMENTS (KOHA)
Source of classification or shelving scheme Library of Congress Classification
Koha item type Normal Collection
Suppress in OPAC No
Holdings
Withdrawn status Lost status Source of classification or shelving scheme Damaged status Not for loan Home library Current library Date acquired Total Checkouts Full call number Barcode Date last seen Price effective from Koha item type
    Library of Congress Classification     Kenya Military Academy Kenya Military Academy 21/03/2024   S562 .G758 1967 KMA002833 21/03/2024 21/03/2024 Normal Collection
Copyright © 2026 [National Defence University - Kenya]. All rights reserved.